| 000 | 01778nam a2200397 c 4500 | ||
|---|---|---|---|
| 003 | BLK | ||
| 005 | 20180422104336.0 | ||
| 008 | 180408b bul|||||r ||||||| ||bul|| | ||
| 010 | _aKNG00091332000 | ||
| 020 |
_a978-954-28-0412-3 _bиздат.: Сиела Софт енд Паблишинг |
||
| 040 | _aBLK | ||
| 041 |
_aBUL _cBUL |
||
| 080 |
_aИстория на цивилизацията. История на културата _b930.85 _x _z930.85 |
||
| 080 |
_aСтара и антична история (общо) _b931/939 _x _z931/939 |
||
| 080 |
_aПаметници на културата на историческите периоди. Археологическите паметници. Старини _b904 _x(100) _z904(100) |
||
| 700 | 1 |
_aВърлаков, Стефан _eпрев. от рус. _9373036 |
|
| 139 |
_aТайните на цивилизациите _bТ 19 |
||
| 245 | 1 | 0 |
_aТайните на цивилизациите _cпрев. от рус. Стефан Върлаков. |
| 257 | _aRUS | ||
| 260 |
_аСофия _bСиела Софт енд Паблишинг _c2009 |
||
| 300 |
_a192 с. _bс цв. ил. _c29 см |
||
| 380 | _a0 | ||
| 490 | 1 | _aСерия Непознатото и невероятното | |
| 500 | _aОриг. загл. Тайны цивилизации. - Офс. изд. | ||
| 650 | 4 |
_aКултура - история _9248181 |
|
| 650 | 4 |
_aЦивилизации, древни _9280385 |
|
| 650 | 4 |
_aДревен свят - история _9243364 |
|
| 653 | _aкултура | ||
| 653 | _aдревни цивилизации | ||
| 653 | _aистория | ||
| 852 | _aЦб ІІ 15823 | ||
| 856 | 4 |
_qpdf _u |
|
| 856 | 4 |
_qpdf _u |
|
| 942 |
_cKNG _n0 |
||
| 944 |
_aCR _c10.09.2009 _lф / _kВаля_Йорданова |
||
| 944 |
_aED _c13.05.2010 _lф / _k |
||
| 999 |
_c86705 _d86705 |
||